GETS Theological Seminary Library

颜氏家训 (Record no. 35860)

MARC details
000 -LEADER
fixed length control field 00636nam a2200229Ia 4500
008 - FIXED-LENGTH DATA ELEMENTS--GENERAL INFORMATION
fixed length control field 201220s9999||||xx |||||||||||||| ||und||
020 ## - INTERNATIONAL STANDARD BOOK NUMBER
International Standard Book Number 7101080944
020 ## - INTERNATIONAL STANDARD BOOK NUMBER
International Standard Book Number 9787101080940
041 ## - LANGUAGE CODE
Language code of text/sound track or separate title chi
050 ## - LIBRARY OF CONGRESS CALL NUMBER
Classification number BJ117
Item number .Y4 2017
100 ## - MAIN ENTRY--PERSONAL NAME
Personal name 顔之推
245 #0 - TITLE STATEMENT
Title 颜氏家训
Remainder of title /
Statement of responsibility, etc. 顔之推著;檀作文 译注
246 ## - VARYING FORM OF TITLE
Title proper/short title 顏氏家訓
260 ## - PUBLICATION, DISTRIBUTION, ETC.
Place of publication, distribution, etc. 北京:
Name of publisher, distributor, etc. 中华书局,
300 ## - PHYSICAL DESCRIPTION
Extent 325 p.
Other physical details ;
Dimensions 22 cm.
490 ## - SERIES STATEMENT
Series statement 中华经典名著.全本全注全译丛书
650 ## - SUBJECT ADDED ENTRY--TOPICAL TERM
Topical term or geographic name entry element Conduct of life
650 ## - SUBJECT ADDED ENTRY--TOPICAL TERM
Topical term or geographic name entry element Ethics -- China
650 ## - SUBJECT ADDED ENTRY--TOPICAL TERM
Topical term or geographic name entry element Yan, Zhitui, 531-591.Yan shi jia xun
700 ## - ADDED ENTRY--PERSONAL NAME
Personal name 檀作文
Holdings
Withdrawn status Lost status Damaged status Not for loan Home library Current library Shelving location Date acquired Total Checkouts Full call number Barcode Date last seen Price effective from Koha item type
        GETS Theological Seminary Library GETS Theological Seminary Library General Stacks 12/21/2020   BJ117 .Y4 2017 00023669 12/21/2020 12/21/2020 Chinese Book
OpacCredits

Contact the Librarian, GETS Library
Email: library@mygets.org









Implemented by GETS Library
(Powered by ETCA Professional Group)
GETS Theological Seminary
412 E. Rowland Street, CA 91723